000 00585nam a22002057a 4500
003 DO-SdBNP
005 20220817174930.0
007 ta
008 220817b2022 |||||||| |||| 001 edspa d
020 _a9781684546633
040 _aDO-SdBNP
_bspa
_cBNPHU
082 4 _222
_bO456a
100 1 0 _aOleo Puig, Jonathan D´
_982192
245 1 0 _aArranca con ideas claras /
_cOleo Puig, Jonathan D´
260 _aSanto Domingo :
_bD´Oleo Analytica LLC.,
_c2022.
300 _a209 p. :
_c21 cm
504 _aIncluye fuentes bibliográficas.
650 4 _9115
_aLiderazgo
942 _2ddc
_cLBS1
999 _c52290
_d52290